Statistiques concernant La La Land Songs

Cliquez ici pour prendre le quiz!

Statistiques générales

  • Ce quiz a été pris 60 fois
  • Le résultat moyen est 8 sur 13

Statistiques - réponses

Réponse% Correct
City of Stars
94%
City of Stars (Humming)
94%
Another Day of Sun
85%
Someone in the crowd
74%
A Lovely Night
70%
Mia and Sebastian's Theme
60%
Audition (The Fools Who Dream)
49%
Epilogue
49%
Planetarium
49%
The End
40%
Start a Fire
38%
Herman's Habit
34%
Engagement Party
23%

Distribution des résultats

Percentile par nombre de réponses

% des personnes avec chaque résultat

Votre développement - résultats

Vous n’avez pas pris ce quiz